000 00420nam a2200145 4500
001 113513
003 ES-MaACL
005 20230906185924.0
007 t|
008 061121s1918 sp r ||||1| spa d
100 1 _aNocetti y Arjona, Salvador.
_985812
245 1 3 _aLa prórroga del privilegio del Banco de España /
_cSalvador Nocetti y Arjona.
260 _aMadrid :
_b[s.n.],
_c1918.
852 _aES-MaACL
_j1568-F-10
999 _c113513
_d113513